| 000 | 00622nam a2200181 i 4500 | ||
|---|---|---|---|
| 001 | 62598 | ||
| 003 | ES-MaACL | ||
| 005 | 20231224062924.0 | ||
| 007 | t| | ||
| 008 | 031124s1951 sp ||||1| spa d | ||
| 100 | 1 |
_aFernández y González, Manuel, _d1821-1888 _950183 |
|
| 245 | 1 | 0 |
_aDoña María de Molina _b: novela histórica nacional / _cM. Fernández y González. |
| 260 |
_aMadrid : _bTesoro, _c[1951] ( _fJosé Ruiz Alonso) |
||
| 300 |
_a291 p. ; _c19 cm. |
||
| 600 | 0 | 4 |
_aMaría _c, Reina consorte de Sancho IV, Rey de Castilla- _vNovelas. _976656 |
| 852 |
_aES-MaACL _jD-5525 |
||
| 999 |
_c62598 _d62598 |
||